| 000 | 01700nam a2200289 a 4500 | ||
|---|---|---|---|
| 008 | 100723s2008 ||||||||||||||||| || u | ||
| 020 | _a9780273651000 | ||
| 050 | _aHD 30.28 Str | ||
| 100 | _aCousins, Paul | ||
| 245 | 1 | 0 |
_aStrategic supply management: principles, theories and practice _cby Paul Cousins, Richard Lamming, Benn Lawson, Brian Squire |
| 260 |
_aHarlow, England: _bFT Prentice Hall _c2008 |
||
| 300 | _axxvii, 308p.: ill. | ||
| 350 | _a0.00 | ||
| 650 | 0 | _aSTRATEGIC PLANNING | |
| 650 | 0 | _aBUSINESS--LOGISTICS | |
| 650 | 0 | _aINDUSTRIAL PROCUREMENT--MANAGEMENT | |
| 650 | _aMATERIALS MANAGEMENT | ||
| 650 | 0 | _aMANAGEMENT | |
| 700 | _aLawson, Benn | ||
| 700 | _aLamming, Richard | ||
| 995 |
_aTEXTBOOKS (SB) _D0.00 _e03007808 _FCBU-SCHOOL TEXTBOOK COLLECTIONS _H1 _I0.00 _jSCHOOL TEXTBOOK _M2 _UAVAILABLE _WMay 11, 2011 _yZ03007808 _ZSchool Collections |
||
| 995 |
_aTEXTBOOKS (SB) _D0.00 _e03007811 _FCBU-SCHOOL TEXTBOOK COLLECTIONS _H1 _I0.00 _jSCHOOL TEXTBOOK _M5 _UAVAILABLE _WMay 11, 2011 _yZ03007811 _ZSchool Collections |
||
| 995 |
_aTEXTBOOKS (SB) _D0.00 _e03007810 _FCBU-SCHOOL TEXTBOOK COLLECTIONS _H1 _I0.00 _jSCHOOL TEXTBOOK _M4 _UAVAILABLE _WMay 11, 2011 _yZ03007810 _ZSchool Collections |
||
| 995 |
_aTEXTBOOKS (SB) _D0.00 _e03007812 _FCBU-SCHOOL TEXTBOOK COLLECTIONS _H1 _I0.00 _jSCHOOL TEXTBOOK _M6 _UAVAILABLE _WMay 11, 2011 _yZ03007812 _ZSchool Collections |
||
| 995 |
_aMAIN LIBRARY OPEN ACCESS _D0.00 _e741397 _FCBU-MAIN LIBRARY (Kitwe) _H1 _I0.00 _jHD 30.28 STR _M1 _UAVAILABLE _WAug 12, 2010 _y741397 _ZMain Library Open Access Collection |
||
| 995 |
_aTEXTBOOKS (SB) _D0.00 _e03007809 _FCBU-SCHOOL TEXTBOOK COLLECTIONS _H1 _I0.00 _jSCHOOL TEXTBOOK _M3 _UAVAILABLE _WMay 11, 2011 _yZ03007809 _ZSchool Collections |
||
| 999 |
_c76868 _d76868 |
||